Responses for Show #969 - Thursday, November 17, 1988

1988 Tournament of Champions final game 1.

Contestants

[<< previous game]

Mark Lowenthal, a State Department employee from Reston, Virginia

Sandra Gore, a researcher originally from Boston, Massachusetts

Bruce Naegeli, a librarian from Phoenix, Arizona

[next game >>]

Jeopardy! Round responses

WORD ORIGINS
SINGERS
PHYSICAL SCIENCE
AMERICAN LITERATURE
BOTTOMS UP
IN THE NEWS
    $100 18
red

Mark
    $100 21
(Bruce: What is the Association of Country Music?)

the Academy of Country Music

Bruce
Triple Stumper
    $100 26
a laser

Mark
    $100 14
Elmer Gantry

Bruce
    $100 5
Bacardi

Sandra
    $100 4
Playboy Clubs

Sandra
    $200 15
hollandaise

Sandra
    $200 22
Prince

Sandra
    $200 27
sulfur dioxide

Sandra
    $200 16
The Postman Always Rings Twice

Sandra
    $200 6
Amaretto

Mark
    $200 7
Michael Jackson

Mark
    $300 3
escutcheon

Mark
    $300 23
George Michael

Sandra
    $300 28
Isotope

Bruce
    $300 17
Mr. Moto

Bruce
    $300 11
Jamaica

Sandra
    $300 8
Javier Perez de Cuellar

Mark
    $400 2
fakir

Triple Stumper
    $400 24
Otis Redding

Mark
    $400 29
Newtonian

Sandra
    $400 19
Horatio Alger

Mark
    $400 12
Frangelico

Sandra
    $400 9
acid rain

Sandra
    $500 1
tulle

Sandra
    $500 25
(Alex: Less than a minute to go.)

Sarah Brightman

Sandra
    $500 30
the Cenozoic Era

Triple Stumper
    $500 20
Two Years Before the Mast

Sandra
    $500 13
Bushmills

Triple Stumper
    $1,100 10
Coleco

Sandra

Scores at the first commercial break (after clue 13):

Bruce Sandra Mark
$0 $2,900 $1,000

Scores at the end of the Jeopardy! Round:

Bruce Sandra Mark
$600 $5,400 $2,000

Double Jeopardy! Round responses

WORLD HISTORY
THEATER
LAKES & RIVERS
PRESIDENTIAL HOMES
MUSICAL EUROPE
"AND" SO IT GOES
    $200 9
Francisco Pizarro

Mark
    $200 29
"The Odd Couple"

Bruce
    $200 17
Volga

Bruce
    $200 2
Ronald Reagan

Sandra
    $200 3
Vienna

Bruce
    $200 30
"and justice for all"

Bruce
    $400 10
Denmark

Bruce
    $400 28
"Try To Remember"

Sandra
    $400 20
Ohio River

Bruce
    $400 6
Richard Nixon

Sandra
    $400 7
Edvard Grieg

Sandra
    $2,500 24
[Jackie Gleason's exit line]

"And Away We Go!"

Sandra
    $600 11
Frederick the Great (Frederick II)

Mark
    $1,000 27
(Mark: What is The Man in the Moon Marigolds?)

Little Shop of Horrors

Mark
    $600 19
Lake Geneva

Mark
    $600 5
Andrew Jackson

Bruce
    $600 8
Abbey Road

Mark
    $600 23
And God Created Woman

Sandra
    $800 12
Philip of Macedon (Philip II)

Sandra
    $800 26
Carson McCullers

Mark
    $800 18
Red River

Bruce
    $800 4
Lyndon B. Johnson

Triple Stumper
    $800 13
W.A. Mozart

Bruce
    $800 22
"And now for something completely different"

Sandra
    $1000 15
October

Bruce
    $1000 25
John Osborne

Sandra
    $1000 16
Lake Baikal

Mark
    $1000 1
(S: Who was Andrew Jackson?)

John F. Kennedy

SandraMark
    $1000 14
(Sandra: What is Hungary?)

Czechoslovakia

SandraMark
    $1000 21
"And so to bed"

Bruce

Scores at the end of the Double Jeopardy! Round:

Bruce Sandra Mark
$6,400 $10,500 $6,800

Final Jeopardy! Round responses

GEOGRAPHY
BruceWhat is Malta?
$6,400
MarkWhat is Cyprus?
$1,800
SandraWhat is Malta?
$2,500
Malta

Final scores:

Bruce Sandra Mark
$12,800 $13,000 $5,000

Game dynamics:

Coryat scores:

Bruce Sandra Mark
$6,400 $7,800 $7,800
14 R,
1 W
24 R
(including 2 DDs),
2 W
16 R,
1 W
(including 1 DD)

Combined Coryat: $22,000

[game clues] [game scores] [suggest correction]

Game tape date: 1988-10-25
The J! Archive is created by fans, for fans. Scraping, republication, monetization, and malicious use prohibited; this site may use cookies and collect identifying information. See terms. The Jeopardy! game show and all elements thereof, including but not limited to copyright and trademark thereto, are the property of Jeopardy Productions, Inc. and are protected under law. This website is not affiliated with, sponsored by, or operated by Jeopardy Productions, Inc. Join the discussion at JBoard.tv.